00465nam a2200145Ia 4500008004100000041001200041082001500053100001500068245002600083260000900109650000900118942000700127999001500134952017000149221030s9999 xx 000 0 und d aEnglish a105.23bBE aBlack Book 0a. NET ProgrammingbCD c2009 aBook cCD c6241d6241 pCD BE 9977l0o105.23 BEr2022-10-30 00:00:00w2022-10-30yCD003Soft Copy4070aMIETLIBbMIETLIBcBL-Academic Block B, FL-1, CUP-109, SH-4, R-4d2009-10-2710HBE